Countries With Two Words - Statistics

General Stats
  • This quiz has been taken 227 times
    194 since last reset
  • The average score is 12 of 25
Answer Stats
Answer % Correct
South Korea
83%
North Korea
79%
South Africa
75%
New Zealand
70%
United Kingdom
69%
Saudi Arabia
61%
Sri Lanka
58%
Costa Rica
54%
El Salvador
54%
South Sudan
53%
Dominican Republic
52%
Czech Republic
49%
East Timor
46%
Solomon Islands
45%
Cape Verde
44%
Marshall Islands
44%
Vatican City
43%
San Marino
41%
Burkina Faso
39%
Equatorial Guinea
36%
Guinea Bissau
36%
Sierra Leone
34%
Saint Lucia
26%
Cote d'Ivoire
21%
The Bahamas
8%
No matching quizzes found
Score Distribution
Percent of People with Each Score
Percentile by Number Answered
Your Score History
You have not taken this quiz since the last reset